00665nam a2200145Ia 4500008004100000020001800041082001700059245014500076260006400221300001100285440003300296650008200329952009100411999001700502120622s9999 xx 000 0 und d a968-36-2376-X a809.02 H589o aHeterodoxia y ortodoxia medieval : actas de las segundas jornadas medievales / ed. Concepción Abellán, Concepción Company ... [et al.] aMéxico : UNAM, Instituto de Investigaciones Filológicas a205 p. aPublicaciones medievalia ; 2 a1. LITERATURA MEDIEVAL - ENSAYOS, CONFERENCIAS, ETC. \ 2. RETORICA ANTIGUAÌ 00104070a01b01d2007-01-25l0o809.02 H589Op01 009760r2012-06-24w2012-06-24yLB c59689d59689